000 00305nam a2200145 i 4500
001 bg
100 1 _aOŚCIK, J.
245 0 _aAdsorpcja /
_cJ. Ościk.
250 _aWyd.3.
260 _aWarszawa,
_c1983.
040 _cBPK
041 _apol
942 _cKS
008 s pl f |000 0 pol
999 _c21966
_d21966
856 _uhttp://koha.tu.koszalin.pl/cgi-bin/koha/opac-detail.pl?biblionumber=21966
_yKatalog online BPK